Territorios dependientes de América - Estadísticas

Estadísticas generales
  • Esta prueba ha sido intentada 13 veces
  • La puntuación promedio es 15 de 22
Estadísticas de respuestas
Hint % Correcto
Dependencias de Países Bajos Aruba
100%
Dependencias del Reino de Dinamarca Groenlandia
89%
Dependencias del Reino Unido Islas Vírgenes Británicas
89%
Dependencias del Reino Unido Anguila
78%
Dependencias de Países Bajos Bonaire
78%
Dependencias de los Estados Unidos Islas Vírgenes de los Estados Unidos
78%
Dependencias del Reino Unido Montserrat
78%
Dependencias de los Estados Unidos Puerto Rico
78%
Dependencias del Reino Unido Bermudas
67%
Dependencias de Francia Guadalupe
67%
Dependencias de Francia Guayana Francesa
67%
Dependencias del Reino Unido Islas Caimán
67%
Dependencias del Reino Unido Islas Turcas y Caicos
67%
Dependencias de Países Bajos Saba
67%
Dependencias de Francia San Bartolomé
67%
Dependencias de Países Bajos San Martín
67%
Dependencias de Francia San Martín
67%
Dependencias del Reino Unido Islas Malvinas
56%
Dependencias de Países Bajos San Eustaquio
56%
Dependencias del Reino Unido Islas Georgias del Sur y Sandwich del Sur
44%
Dependencias de Francia San Pedro y Miquelón
44%
Dependencias de los Estados Unidos Isla Navaza
33%
No se encontraron pruebas coincidentes
Distribución de puntuación
Porcentaje de gente con cada puntuación
Porcentaje por número respondido
Historial de tus puntuaciones
No has intentado esta prueba.